[Event "Malaysian Open"]
[Site "Kuala Lumpur MAS"]
[Date "2011.08.18"]
[Round "1.1"]
[White "Wen, Yang"]
[Black "Subramaniam, Sumant"]
[Result "1-0"]
[WhiteTitle "GM"]
[WhiteElo "2558"]
[BlackElo "2117"]
[WhiteFideId "8602956"]
[BlackFideId "5702720"]
[EventDate "2011.08.18"]

1. d4 Nf6 2. Nf3 g6 3. g3 Bg7 4. Bg2 O-O 5. c4 d6 6. O-O c5 7. Nc3 Nc6 8. dxc5
dxc5 9. Bf4 Be6 10. Ne5 Na5 11. Qc2 Nh5 12. Rfd1 Qc8 13. Nd5 Bxd5 14. cxd5 Nxf4
15. gxf4 Qc7 16. b4 g5 17. Rac1 gxf4 18. Nf3 c4 19. bxa5 c3 20. Ng5 1-0

[Event "Malaysian Open"]
[Site "Kuala Lumpur MAS"]
[Date "2011.08.18"]
[Round "1.3"]
[White "Cao, Sang"]
[Black "Zulfic, Fedja"]
[Result "1-0"]
[WhiteTitle "GM"]
[WhiteElo "2533"]
[BlackElo "2098"]
[WhiteFideId "725056"]
[BlackFideId "3208427"]
[EventDate "2011.08.18"]

1. e4 e5 2. Nf3 Nf6 3. d4 Nxe4 4. Bd3 Nc6 5. O-O d5 6. c4 Bg4 7. cxd5 Qxd5 8.
Re1 f5 9. h3 Bxf3 10. gxf3 Nxf2 11. Kxf2 Qxd4+ 12. Be3 Qh4+ 13. Kg2 Bd6 14. Bxf5
O-O 15. Be4 Nd4 16. Nd2 Nf5 17. Bxf5 Rxf5 18. Ne4 Raf8 19. Rf1 Kh8 20. Qe1 Qh5
21. Qg3 R8f6 22. Nxf6 Rxf6 23. Kh1 e4 24. Qg4 Qe5 25. f4 Qxb2 26. Rg1 g6 27.
Rad1 1-0

[Event "Malaysian Open"]
[Site "Kuala Lumpur MAS"]
[Date "2011.08.18"]
[Round "1.4"]
[White "Cai, Jiaying"]
[Black "Laylo, Darwin"]
[Result "0-1"]
[BlackTitle "GM"]
[WhiteElo "2094"]
[BlackElo "2528"]
[WhiteFideId "8604312"]
[BlackFideId "5201330"]
[EventDate "2011.08.18"]

1. e4 c6 2. d4 d5 3. Nd2 dxe4 4. Nxe4 Nd7 5. Nf3 Ngf6 6. Ng3 e6 7. Bd3 c5 8. c3
cxd4 9. Nxd4 Be7 10. O-O O-O 11. Qe2 Nb6 12. Ne4 Nbd5 13. Rd1 Qc7 14. Bg5 a6 15.
Rac1 Re8 16. c4 Nf4 17. Nxf6+ Bxf6 18. Bxf4 Qxf4 19. Qe4 Qxe4 20. Bxe4 Rb8 21.
b4 Bd7 22. b5 axb5 23. Nxb5 Bc6 24. f3 Red8 25. Kf2 Bg5 26. Rxd8+ Rxd8 27. Rc2
Kf8 28. g3 Be7 29. Ke2 Bc5 30. Bxc6 bxc6 31. Nc3 Ra8 32. Ne4 Bb4 33. Nf2 Ra3 34.
Nd3 Bc3 35. h3 Bd4 36. c5 e5 37. g4 f6 38. h4 Ke7 39. Rd2 Ke6 40. Nf4+ Ke7 41.
Nd3 Bc3 42. Rc2 Ke6 43. Nc1 Bd4 44. Nb3 Ra4 45. Kd3 Kd5 46. g5 f5 47. h5 Bg1 48.
Rg2 Bxc5 0-1

[Event "Malaysian Open"]
[Site "Kuala Lumpur MAS"]
[Date "2011.08.18"]
[Round "1.5"]
[White "Chong, Chor Yuen"]
[Black "Lu, Shanglei"]
[Result "0-1"]
[BlackTitle "IM"]
[WhiteElo "2071"]
[BlackElo "2526"]
[WhiteFideId "6000320"]
[BlackFideId "8603332"]
[EventDate "2011.08.18"]

1. d4 d5 2. c4 e6 3. Nf3 Nf6 4. e3 c6 5. Nbd2 Nbd7 6. Bd3 Bd6 7. O-O O-O 8. e4
dxe4 9. Nxe4 Nxe4 10. Bxe4 h6 11. b3 Qc7 12. Bb2 b6 13. Bc2 Re8 14. Qd3 Nf8 15.
Rfe1 Bb7 16. Rad1 Rad8 17. Qc3 Be7 18. Ne5 f5 19. Qh3 Bf6 20. Qh5 c5 21. d5 exd5
22. Bxf5 dxc4 23. Rxd8 Rxd8 24. Ng6 Qc6 25. Be4 Qxe4 26. Rxe4 Bxe4 27. Ne5 Ng6
28. f3 Rd1+ 29. Kf2 Rd2+ 30. Ke3 Rxb2 31. Nxg6 Bxg6 32. Qxg6 Bd4+ 33. Kf4 c3 34.
Qe6+ Kh7 35. Qe4+ g6 36. Qe7+ Bg7 37. Ke3 Rxg2 38. h4 c2 0-1

[Event "Malaysian Open"]
[Site "Kuala Lumpur MAS"]
[Date "2011.08.18"]
[Round "1.6"]
[White "Li, Shilong"]
[Black "Lei, Tingjie"]
[Result "1-0"]
[WhiteTitle "GM"]
[WhiteElo "2520"]
[BlackElo "2061"]
[WhiteFideId "8600678"]
[BlackFideId "8605114"]
[EventDate "2011.08.18"]

1. d4 d5 2. c4 c6 3. Nf3 Nf6 4. Nc3 dxc4 5. a4 Bg4 6. Ne5 Bh5 7. Nxc4 e6 8. Bg5
Bb4 9. Qb3 a5 10. e3 Nbd7 11. Be2 Bxe2 12. Kxe2 O-O 13. Rhd1 Rb8 14. Na2 Be7 15.
Nc3 Bb4 16. Bf4 b5 17. axb5 cxb5 18. Ne5 Rb6 19. Nd3 Bxc3 20. Qxc3 a4 21. Bc7
Nd5 22. Bxd8 Nxc3+ 23. bxc3 Rxd8 24. Nc5 Rc6 25. Nxd7 Rxd7 26. Rdb1 Rxc3 27.
Rxb5 h6 28. Rxa4 Rc2+ 29. Kf3 Rdc7 30. Rab4 Kh7 31. g4 Kg6 32. h3 Kf6 33. h4 Rd2
34. Rb2 Rd1 35. Rb7 Rxb7 36. Rxb7 Rd2 37. h5 Rd1 38. Kf4 Rd2 39. f3 g6 40. hxg6
Kxg6 41. Rb5 Kf6 42. Rh5 Kg6 43. Rh3 Rd1 44. Ke5 Ra1 45. f4 Rf1 46. Rg3 Rf2 47.
f5+ Kg5 48. e4 Re2 49. fxe6 fxe6 50. Rg1 Re3 51. Rh1 Re2 52. Rh5+ Kg6 53. Rh3
Kg5 54. Rh1 Re3 55. Rf1 Re2 56. Rf8 Kxg4 57. Rf6 h5 58. Rxe6 h4 59. Rh6 h3 60.
d5 h2 61. Kd6 Ra2 62. Ke6 Re2 63. e5 Kf4 64. Kd6 Rxe5 65. Rxh2 Re1 66. Rh8 Rc1
67. Re8 Kf5 68. Rf8+ 1-0

[Event "Malaysian Open"]
[Site "Kuala Lumpur MAS"]
[Date "2011.08.18"]
[Round "1.8"]
[White "Gibbons, Robert"]
[Black "Dao, Thien Hai"]
[Result "0-1"]
[BlackTitle "GM"]
[WhiteElo "2034"]
[BlackElo "2492"]
[WhiteFideId "4300700"]
[BlackFideId "12400084"]
[EventDate "2011.08.18"]

1. d4 f5 2. f4 Nf6 3. Nf3 e6 4. e3 b6 5. Bd3 Bb7 6. Nbd2 Be7 7. Qe2 Ne4 8. O-O
O-O 9. b3 a5 10. Bb2 a4 11. Nb1 Nc6 12. a3 axb3 13. cxb3 Bf6 14. Qc2 Ne7 15. Nc3
Nxc3 16. Bxc3 Ra7 17. Bb2 Qa8 18. Qf2 Bd5 19. Nd2 Nc8 20. Be2 Nd6 21. Bf3 c5 22.
Bxd5 Qxd5 23. Qf3 Ne4 24. Nxe4 fxe4 25. Qd1 Rfa8 26. Rb1 cxd4 27. exd4 Rc7 28.
Rf2 e3 29. Re2 Qe4 30. Rc1 Rac8 31. Rxc7 Rxc7 32. g3 d5 33. a4 h6 34. Ba1 g5 35.
fxg5 Bxg5 36. Bb2 Bf6 37. h3 e5 38. dxe5 Bxe5 39. Bxe5 Qxe5 40. Qd3 Qxg3+ 41.
Rg2 Rc1+ 0-1

[Event "Malaysian Open"]
[Site "Kuala Lumpur MAS"]
[Date "2011.08.18"]
[Round "1.9"]
[White "Bitoon, Richard"]
[Black "Nakamura, Naohiro"]
[Result "1-0"]
[WhiteTitle "IM"]
[WhiteElo "2491"]
[BlackElo "2033"]
[WhiteFideId "5201110"]
[BlackFideId "7000715"]
[EventDate "2011.08.18"]

1. e4 c6 2. Nc3 d5 3. Nf3 Bg4 4. h3 Bxf3 5. Qxf3 e6 6. d4 dxe4 7. Qxe4 Nf6 8.
Qe3 Nbd7 9. Bd2 Nb6 10. O-O-O Nbd5 11. Nxd5 Nxd5 12. Qg3 Qd6 13. Qb3 b5 14. Be2
Be7 15. Qg3 Qxg3 16. fxg3 Bd6 17. Be1 O-O 18. Bf2 Rfd8 19. c3 a5 20. Rd3 a4 21.
a3 Be7 22. Kc2 Bg5 23. Rf3 Rd7 24. h4 Be7 25. g4 g5 26. g3 Kg7 27. Bd3 h6 28.
Be1 Nf6 29. hxg5 hxg5 30. Bd2 Rh8 31. Rxh8 Kxh8 32. Bxg5 Kg7 33. Bf4 Rd8 34. Be5 1-0

[Event "Malaysian Open"]
[Site "Kuala Lumpur MAS"]
[Date "2011.08.18"]
[Round "1.10"]
[White "Gasanov, Eldar"]
[Black "Zelesco, Karl"]
[Result "1-0"]
[WhiteTitle "GM"]
[WhiteElo "2472"]
[BlackElo "2013"]
[WhiteFideId "14104466"]
[BlackFideId "3213390"]
[EventDate "2011.08.18"]

1. d4 d5 2. c4 c6 3. Nf3 Nf6 4. Qb3 dxc4 5. Qxc4 Bf5 6. g3 e6 7. Bg2 Nbd7 8. O-O
Be7 9. Rd1 O-O 10. e3 Rc8 11. Qe2 b5 12. Nbd2 Qc7 13. b3 Qa5 14. Bb2 Ba3 15.
Bxa3 Qxa3 16. Rdc1 a6 17. e4 Bg6 18. Rc2 Nd5 19. Rac1 Ne7 20. Nh4 Qd6 21. Qe3 e5
22. Ndf3 exd4 23. Qxd4 Qxd4 24. Nxd4 c5 25. Ne2 Rfd8 26. Nxg6 hxg6 27. Bh3 f5
28. Nf4 Kf7 29. exf5 gxf5 30. Nd3 g6 31. Nxc5 Rxc5 32. Rxc5 Nxc5 33. Rxc5 Rc8
34. Rxc8 Nxc8 35. Kf1 Nd6 36. Bg2 b4 37. Ke2 Nb5 38. Kd3 a5 39. Kc4 Na3+ 40. Kd4
Kf6 41. Bf1 Nb1 42. Bd3 Nc3 43. a4 Nd1 44. f3 Ke6 45. h4 Kf6 46. Kc5 Ke5 47. g4
Kf4 48. gxf5 gxf5 49. Kb5 Ne3 50. Kxa5 Kxf3 51. h5 Nd5 52. Bxf5 Kf4 53. h6 Kxf5
54. h7 Kg6 55. h8=Q 1-0

[Event "Malaysian Open"]
[Site "Kuala Lumpur MAS"]
[Date "2011.08.18"]
[Round "1.12"]
[White "Nguyen, Duc Hoa"]
[Black "Lee, Kai Jie Edward"]
[Result "1-0"]
[WhiteTitle "IM"]
[WhiteElo "2452"]
[BlackElo "2008"]
[WhiteFideId "12401358"]
[BlackFideId "5802920"]
[EventDate "2011.08.18"]

1. e4 e5 2. Bc4 Nf6 3. Nc3 Nc6 4. d3 Bb4 5. Ne2 d5 6. exd5 Nxd5 7. O-O Be6 8.
Ne4 Be7 9. Bb3 f5 10. N4c3 Qd7 11. d4 Nxc3 12. bxc3 O-O-O 13. Bb2 Bxb3 14. axb3
Bf6 15. Qd3 a6 16. Rxa6 exd4 17. cxd4 bxa6 18. Qxa6+ Kb8 19. Ra1 Na5 20. Rxa5 c6
21. Qa8+ Kc7 22. Ra7+ Kb6 23. Ra6+ Kc7 24. Qa7+ Kc8 25. Qc5 Qb7 26. Rxc6+ Kd7
27. Qd5+ Ke8 28. Re6+ Qe7 29. Qxf5 Kf7 30. Rxe7+ Kxe7 31. Nf4 1-0

[Event "Malaysian Open"]
[Site "Kuala Lumpur MAS"]
[Date "2011.08.18"]
[Round "1.13"]
[White "Bennett, Hilton"]
[Black "Wang, Rui"]
[Result "0-1"]
[BlackTitle "GM"]
[WhiteElo "1994"]
[BlackElo "2436"]
[WhiteFideId "4300734"]
[BlackFideId "8601003"]
[EventDate "2011.08.18"]

1. e4 e5 2. Nc3 Nf6 3. g3 Bc5 4. Bg2 O-O 5. Nge2 Nc6 6. O-O a6 7. Nd5 d6 8. h3
Nd4 9. Nxd4 Bxd4 10. c3 Ba7 11. Nxf6+ Qxf6 12. Kh2 Qe7 13. d4 f6 14. f4 Be6 15.
b3 b5 16. Be3 Bf7 17. Qd2 Rad8 18. Rad1 c6 19. Qf2 Rfe8 20. dxe5 Bxe3 21. Qxe3
dxe5 22. Qb6 exf4 23. gxf4 Rxd1 24. Rxd1 Bg6 25. e5 fxe5 26. Re1 Qh4 27. Rf1
exf4 28. Qxc6 Qg3+ 29. Kh1 Bf7 30. c4 bxc4 31. bxc4 a5 32. a4 h5 33. c5 Re2 34.
Qf3 Qxf3 35. Bxf3 Rc2 36. c6 Be8 37. Bd5+ Bf7 38. Bxf7+ Kxf7 39. Rxf4+ Ke6 40.
Re4+ Kd6 41. Rh4 g6 42. Rf4 Rxc6 43. Kg2 Ke5 44. Rf8 Rc4 45. Rg8 Kf5 46. Rf8+
Kg5 47. Rb8 Rxa4 0-1

[Event "Malaysian Open"]
[Site "Kuala Lumpur MAS"]
[Date "2011.08.18"]
[Round "1.15"]
[White "Lee, T H Bryan"]
[Black "Yu, Ruiyuan"]
[Result "0-1"]
[WhiteElo "1988"]
[BlackElo "2431"]
[WhiteFideId "6000584"]
[BlackFideId "8603090"]
[EventDate "2011.08.18"]

1. e4 d5 2. exd5 Qxd5 3. Nc3 Qa5 4. d4 Nf6 5. Nf3 Bg4 6. h3 Bh5 7. g4 Bg6 8. Ne5
c6 9. Bg2 Nbd7 10. Bf4 e6 11. Qd2 Bb4 12. Nc4 Qa6 13. Ne5 Nd5 14. Bxd5 cxd5 15.
Nxg6 hxg6 16. Qd3 Qa5 17. Bd2 Nb6 18. Qb5+ Qxb5 19. Nxb5 Bxd2+ 20. Kxd2 Ke7 21.
b3 Rh4 22. Rh2 a6 23. Nc3 Rah8 24. Rah1 Nd7 25. Ke3 f5 26. f3 fxg4 27. fxg4 Nf6
28. Kf3 Nxg4 29. Rg2 Nf6 30. Rxg6 Kf7 31. Rhg1 Rxh3+ 32. R6g3 g5 33. Ke2 g4 34.
Na4 Rxg3 35. Rxg3 Rh2+ 36. Kd1 Ne4 37. Rg1 g3 38. Nc5 Nc3+ 39. Ke1 Ne2 40. Rf1+
Ke7 41. Nxb7 g2 42. Kxe2 g1=Q+ 0-1

[Event "Malaysian Open"]
[Site "Kuala Lumpur MAS"]
[Date "2011.08.18"]
[Round "1.16"]
[White "Gao, Rui"]
[Black "Lee, Kah Meng Elgin"]
[Result "1-0"]
[WhiteTitle "IM"]
[WhiteElo "2420"]
[BlackElo "1985"]
[WhiteFideId "8602387"]
[BlackFideId "5701996"]
[EventDate "2011.08.18"]

1. e4 c6 2. d4 d5 3. Nc3 dxe4 4. Nxe4 Bf5 5. Ng3 Bg6 6. h4 h6 7. Nf3 Nd7 8. h5
Bh7 9. Bd3 Bxd3 10. Qxd3 Ngf6 11. Bd2 e6 12. O-O-O Qc7 13. Ne4 O-O-O 14. g3 Nxe4
15. Qxe4 Nf6 16. Qe2 Bd6 17. c4 c5 18. Bc3 cxd4 19. Nxd4 a6 20. Kb1 Rhe8 21. Rc1
Bc5 22. Nf3 Ng4 23. Rhf1 Qb6 24. Nd2 Nf6 25. Nf3 Ng4 26. Bxg7 f6 27. Nd2 Rg8 28.
f3 Ne3 29. Bxf6 Nxf1 30. Rxf1 Bd4 31. Bxd4 Qxd4 32. Ne4 Qe5 33. c5 Kc7 34. Rc1
a5 35. c6 b6 36. Qa6 Rb8 37. Qa7+ 1-0

[Event "Malaysian Open"]
[Site "Kuala Lumpur MAS"]
[Date "2011.08.18"]
[Round "1.17"]
[White "Siew, Kit-Tze Mark"]
[Black "Irwanto, Sadikin"]
[Result "0-1"]
[BlackTitle "IM"]
[WhiteElo "1972"]
[BlackElo "2417"]
[WhiteFideId "5706017"]
[BlackFideId "7100590"]
[EventDate "2011.08.18"]

1. e4 e5 2. Nf3 Nc6 3. Bb5 a6 4. Ba4 Nf6 5. Qe2 b5 6. Bb3 Be7 7. c3 d6 8. O-O
O-O 9. d3 Na5 10. Bc2 c5 11. Bg5 h6 12. Bh4 Nh5 13. Bg3 Nxg3 14. hxg3 Bg4 15.
Qe3 Rb8 16. Nh2 Bd7 17. f4 b4 18. Nd2 bxc3 19. bxc3 Rb2 20. Bd1 Bf6 21. Nb3 c4
22. Nxa5 Qxa5 23. fxe5 Bd8 24. Qc1 Rxa2 25. Rxa2 Qxa2 26. exd6 cxd3 27. c4 Bb6+
28. Kh1 Be6 29. c5 d2 30. Qc3 Ba5 31. Qe3 Bb4 32. Ng4 Qc4 33. Qf4 Bxc5 34. e5
Rb8 35. Nh2 Qxf4 36. gxf4 Bc4 37. Rf3 Rb1 38. d7 Rxd1+ 39. Nf1 Bb6 0-1

[Event "Malaysian Open"]
[Site "Kuala Lumpur MAS"]
[Date "2011.08.18"]
[Round "1.18"]
[White "Dimakiling, Oliver"]
[Black "Milligan, Helen"]
[Result "1-0"]
[WhiteTitle "IM"]
[BlackTitle "WFM"]
[WhiteElo "2414"]
[BlackElo "1965"]
[WhiteFideId "5202248"]
[BlackFideId "2401312"]
[EventDate "2011.08.18"]

1. Nf3 Nf6 2. c4 g6 3. Nc3 Bg7 4. d4 d6 5. g3 O-O 6. Bg2 Nbd7 7. O-O e5 8. h3 a6
9. Bg5 h6 10. Be3 Rb8 11. a4 c6 12. dxe5 dxe5 13. a5 Re8 14. Qc1 Kh7 15. Rd1 Qe7
16. Na4 Nh5 17. g4 Nf4 18. Bxf4 exf4 19. Qxf4 Ne5 20. Nd2 f5 21. gxf5 Bxf5 22.
Ne4 Rf8 23. Qg3 Nxc4 24. Nac5 Rbd8 25. Qb3 Nxb2 26. Rdc1 Bd4 27. Ra2 Qe5 28.
Qxb7+ Kh8 29. e3 Bxe4 30. Nxe4 Rb8 31. exd4 Qxd4 32. Qxc6 1-0

[Event "Malaysian Open"]
[Site "Kuala Lumpur MAS"]
[Date "2011.08.18"]
[Round "1.19"]
[White "Iskandar, Bin Abdullah"]
[Black "Yu, Lie"]
[Result "0-1"]
[BlackTitle "IM"]
[WhiteElo "1956"]
[BlackElo "2414"]
[WhiteFideId "5802105"]
[BlackFideId "8603715"]
[EventDate "2011.08.18"]

1. d4 Nf6 2. c4 g6 3. Nc3 d5 4. cxd5 Nxd5 5. e4 Nxc3 6. bxc3 c5 7. Bc4 Bg7 8.
Ne2 Nc6 9. Be3 O-O 10. O-O Qc7 11. Rc1 Rd8 12. f4 Bg4 13. f5 gxf5 14. h3 Bh5 15.
Rxf5 Bg6 16. Rxc5 Bxe4 17. Qb3 e6 18. Bxe6 b6 19. Rg5 Na5 20. Rxa5 bxa5 21. Rf1
Rf8 22. Bg4 Qc6 23. Nf4 a4 24. Qb2 Rab8 25. Qf2 Qxc3 26. Ne2 Qc6 27. Ng3 Rbe8
28. Nf5 Bxf5 29. Bxf5 Qc3 30. Re1 Bxd4 31. Qg3+ Kh8 0-1

[Event "Malaysian Open"]
[Site "Kuala Lumpur MAS"]
[Date "2011.08.18"]
[Round "1.20"]
[White "Vakhidov, Jahongir"]
[Black "Qiu, Mengjie"]
[Result "1-0"]
[WhiteElo "2392"]
[BlackElo "1941"]
[WhiteFideId "14201801"]
[BlackFideId "8606137"]
[EventDate "2011.08.18"]

1. c4 Nf6 2. Nc3 d5 3. cxd5 Nxd5 4. Nf3 g6 5. h4 Bg7 6. h5 O-O 7. hxg6 hxg6 8.
Qb3 c6 9. e4 Nxc3 10. dxc3 Qb6 11. Be3 c5 12. Qa3 Qc6 13. Qxc5 Qxe4 14. Ng5 Qe5
15. Qc4 Nc6 16. O-O-O Bf5 17. Rd5 Qc7 18. Rh8+ Bxh8 19. Qh4 Kg7 20. Rxf5 1-0

[Event "Malaysian Open"]
[Site "Kuala Lumpur MAS"]
[Date "2011.08.18"]
[Round "1.21"]
[White "Goundar, Sanmogam"]
[Black "Zhang, Xiaowen"]
[Result "0-1"]
[WhiteTitle "CM"]
[BlackTitle "WGM"]
[WhiteElo "1934"]
[BlackElo "2389"]
[WhiteFideId "11400110"]
[BlackFideId "8603219"]
[EventDate "2011.08.18"]

1. e4 e6 2. d4 d5 3. Nc3 Nf6 4. Bg5 Be7 5. e5 Nfd7 6. Bxe7 Qxe7 7. f4 a6 8. Nf3
c5 9. dxc5 Nc6 10. Bd3 Qxc5 11. Qd2 b5 12. Ne2 Nb6 13. O-O-O Bd7 14. Kb1 a5 15.
Rhf1 Nc4 16. Bxc4 bxc4 17. f5 Rb8 18. Ka1 a4 19. a3 Na5 20. Nfd4 exf5 21. Nxf5
Bxf5 22. Rxf5 O-O 23. Qxd5 Qb6 24. Rb1 Rbd8 25. Qe4 Rd2 26. Nc3 Qc6 27. Rbf1
Qxe4 28. Nxe4 Rxc2 29. e6 Nb3+ 30. Kb1 Re2 31. e7 Rxe4 32. exf8=Q+ Kxf8 33.
Rxf7+ Ke8 34. Rf8+ Ke7 35. R1f7+ Ke6 36. Ra7 Re1+ 37. Kc2 Rc1# 0-1

[Event "Malaysian Open"]
[Site "Kuala Lumpur MAS"]
[Date "2011.08.18"]
[Round "1.20"]
[White "Lane, Gary W."]
[Black "Klein, Gernot"]
[Result "1-0"]
[WhiteTitle "IM"]
[WhiteElo "2369"]
[BlackElo "1919"]
[WhiteFideId "3203301"]
[BlackFideId "4695496"]
[EventDate "2011.08.18"]

1. e4 c5 2. Nf3 e6 3. d4 cxd4 4. Nxd4 a6 5. Bd3 Nf6 6. O-O Qc7 7. Qe2 d6 8. c4
Nc6 9. Nxc6 bxc6 10. f4 Be7 11. Nc3 g6 12. f5 O-O 13. Bh6 Re8 14. Qf3 Rb8 15.
fxg6 fxg6 16. e5 dxe5 17. Ne4 Qd8 18. Nxf6+ Bxf6 19. Qxf6 Qxf6 20. Rxf6 c5 21.
Raf1 Bb7 22. Rf7 e4 23. Rg7+ Kh8 24. Rff7 1-0

[Event "Malaysian Open"]
[Site "Kuala Lumpur MAS"]
[Date "2011.08.18"]
[Round "1.24"]
[White "Sharma, Dinesh K."]
[Black "Shinoda, Taro"]
[Result "1-0"]
[WhiteTitle "IM"]
[WhiteElo "2350"]
[BlackElo "1897"]
[WhiteFideId "5004110"]
[BlackFideId "7001576"]
[EventDate "2011.08.18"]

1. e4 e5 2. Nf3 Nc6 3. Bb5 a6 4. Ba4 Nf6 5. Qe2 Bd6 6. c3 O-O 7. O-O Re8 8. Re1
b5 9. Bc2 Bc5 10. a4 Rb8 11. Na3 b4 12. Nc4 a5 13. Ncxe5 Nxe5 14. Nxe5 Rxe5 15.
d4 Re8 16. dxc5 bxc3 17. bxc3 Qe7 18. Be3 Bb7 19. f3 Bc6 20. Bd4 Nh5 21. Qd2 g5
22. g3 Ng7 23. e5 Ne6 24. Qd3 Nf8 25. Rab1 Qe6 26. c4 Qg6 27. Rb5 Qxd3 28. Bxd3
Bxb5 29. cxb5 Ne6 30. Be3 f6 31. exf6 Rf8 32. Bc4 Rxf6 33. Bxg5 Rxf3 34. Bf4
Rxf4 35. gxf4 Rf8 36. c6 Kg7 37. cxd7 1-0

[Event "Malaysian Open"]
[Site "Kuala Lumpur MAS"]
[Date "2011.08.18"]
[Round "1.26"]
[White "Cheng, Bobby"]
[Black "Nur, Nabila Azman Hisham"]
[Result "1-0"]
[WhiteTitle "FM"]
[BlackTitle "WCM"]
[WhiteElo "2323"]
[BlackElo "1894"]
[WhiteFideId "4300033"]
[BlackFideId "5702135"]
[EventDate "2011.08.18"]

1. d4 Nf6 2. c4 e6 3. Nf3 b6 4. a3 Bb7 5. Nc3 d5 6. cxd5 Nxd5 7. Qc2 Nxc3 8.
bxc3 Be7 9. e4 c5 10. Bb5+ Bc6 11. Bd3 Qc7 12. O-O Nd7 13. Bb2 O-O 14. Qe2 Rfe8
15. e5 Nf8 16. Nd2 b5 17. Ne4 c4 18. Bc2 Bd5 19. h4 a5 20. Qg4 Nd7 21. Ng5 Bxg5
22. hxg5 Qb7 23. f3 b4 24. Kf2 g6 25. Rh1 Nf8 26. Rh6 b3 27. Be4 a4 28. Rah1
Bxe4 29. fxe4 Rad8 30. Ke3 Rd7 31. Qh3 f5 32. gxf6 Rf7 33. g4 Rd8 34. Qg2 Nd7
35. Rxg6+ Kh8 36. g5 1-0

[Event "Malaysian Open"]
[Site "Kuala Lumpur MAS"]
[Date "2011.08.18"]
[Round "1.27"]
[White "Udani, Ian"]
[Black "Ajeet Singh, Roshan"]
[Result "1/2-1/2"]
[WhiteElo "2307"]
[BlackElo "1864"]
[WhiteFideId "5206243"]
[BlackFideId "5704740"]
[EventDate "2011.08.18"]

1. d4 f5 2. g3 Nf6 3. Bg2 g6 4. c4 Bg7 5. Nf3 O-O 6. Nc3 d6 7. O-O Qe8 8. d5 a5
9. Be3 Na6 10. Qc1 Ng4 11. Bd2 e5 12. dxe6 c6 13. h3 Ne5 14. Nxe5 dxe5 15. Bh6
Bxe6 16. Bxg7 Kxg7 17. Na4 Rd8 18. Qc3 Kg8 19. Nb6 Qf7 20. b3 e4 21. e3 Nb4 22.
Qe5 Nd3 23. Qxa5 g5 24. Rad1 Qh5 25. Rd2 h6 26. f3 exf3 27. Rxf3 Ne1 28. Rff2
Nxg2 29. Rxg2 Qxh3 30. Qe5 f4 1/2-1/2

[Event "Malaysian Open"]
[Site "Kuala Lumpur MAS"]
[Date "2011.08.18"]
[Round "1.28"]
[White "Yong, Han Shawn"]
[Black "Olay, Edgar Reggie"]
[Result "0-1"]
[WhiteElo "1824"]
[BlackElo "2303"]
[WhiteFideId "5802377"]
[BlackFideId "5206189"]
[EventDate "2011.08.18"]

1. d4 d5 2. c4 dxc4 3. Nf3 c6 4. a4 Nf6 5. e3 Be6 6. Na3 g6 7. Bxc4 Bd5 8. O-O
Bg7 9. Bd2 O-O 10. Rc1 Nbd7 11. Qe2 a6 12. a5 Ne4 13. Bb4 Re8 14. Nd2 Nxd2 15.
Qxd2 e5 16. Bxd5 cxd5 17. dxe5 Nxe5 18. Bc3 Nc6 19. Bxg7 Kxg7 20. b4 d4 21. exd4
Nxd4 22. Kh1 Qf6 23. Qc3 Re2 24. Nc2 Nxc2 25. Rxc2 Qxc3 26. Rxc3 Rb2 27. Rc4 Rd8
28. g3 Rd5 29. Kg2 Rb5 30. Rd1 Rf5 31. Rf1 h5 32. h3 Rb5 33. Rd1 Rf5 34. Rf1 g5
35. Rd4 Rb5 36. Rc1 R2xb4 37. Rd7 Rb2 38. g4 hxg4 39. hxg4 R5b4 40. Kg3 R2b3+
41. f3 Rf4 42. Rf1 Ra4 43. Rc1 Raa3 44. Rc5 Rxf3+ 45. Kg2 Kg6 46. Rxb7 Rg3+ 47.
Kf2 Rxg4 48. Rb6+ f6 49. Rxa6 Rf4+ 50. Kg2 Rg4+ 51. Kf2 Rb4 52. Kg1 Rb1+ 0-1

[Event "Malaysian Open"]
[Site "Kuala Lumpur MAS"]
[Date "2011.08.18"]
[Round "1.29"]
[White "Pitra, Andika"]
[Black "Marret, Benjamin"]
[Result "1-0"]
[WhiteElo "2303"]
[BlackElo "1821"]
[WhiteFideId "7103255"]
[BlackFideId "20605773"]
[EventDate "2011.08.18"]

1. e4 e6 2. d4 d5 3. Nd2 Nf6 4. e5 Nfd7 5. Bd3 c5 6. c3 Nc6 7. Ngf3 f6 8. O-O
fxe5 9. Nxe5 Ndxe5 10. dxe5 Nxe5 11. Qh5+ Nf7 12. Re1 g6 13. Bb5+ Bd7 14. Rxe6+
Be7 15. Qe2 Kf8 16. Bxd7 Qxd7 17. Nf3 Re8 18. Bf4 Bf6 19. Rxe8+ Qxe8 20. Qd2 Qc6
21. Rd1 Kg7 22. Qxd5 Rd8 23. Qb3 c4 24. Qc2 Qe4 25. Qxe4 1-0

[Event "Malaysian Open"]
[Site "Kuala Lumpur MAS"]
[Date "2011.08.18"]
[Round "1.30"]
[White "William, Lee Kah Howe"]
[Black "Morris, James"]
[Result "0-1"]
[BlackTitle "IM"]
[WhiteElo "1800"]
[BlackElo "2300"]
[WhiteFideId "5702240"]
[BlackFideId "3205800"]
[EventDate "2011.08.18"]

1. e4 c5 2. Nf3 Nc6 3. d4 cxd4 4. Nxd4 g6 5. c4 Bg7 6. Be3 Nf6 7. Nc3 O-O 8. f3
Qb6 9. Qd2 Nxd4 10. Bxd4 Nxe4 11. Bxb6 Nxd2 12. Be3 Nxf1 13. Rxf1 b6 14. Kd2 Ba6
15. Rfe1 Bxc4 16. Bg5 f6 17. Bf4 e5 18. Be3 d5 19. b3 Ba6 20. Bf2 Rac8 21. Ne2
d4 22. Rac1 Bh6+ 23. f4 Bxe2 24. Kxe2 Bxf4 0-1

[Event "Malaysian Open"]
[Site "Kuala Lumpur MAS"]
[Date "2011.08.18"]
[Round "1.31"]
[White "Kojima, Shinya"]
[Black "Ravry, Kazoune"]
[Result "1/2-1/2"]
[WhiteTitle "FM"]
[WhiteElo "2300"]
[BlackElo "1784"]
[WhiteFideId "7000812"]
[BlackFideId "667293"]
[EventDate "2011.08.18"]

1. Nf3 Nf6 2. c4 e6 3. g3 b6 4. Bg2 Bb7 5. O-O Be7 6. d4 O-O 7. d5 exd5 8. Nh4
d6 9. cxd5 Nbd7 10. Nf5 Re8 11. Nc3 Bf8 12. Bg5 h6 13. Bf4 a5 14. Qd4 Ne5 15.
Rac1 Qd7 16. Bh3 Kh7 17. Kg2 Neg4 18. e4 g6 19. Nxh6 Bg7 20. Nxg4 Nxg4 21. Qd2
f5 22. exf5 gxf5 23. Rfe1 Rxe1 24. Rxe1 Re8 25. Rxe8 Qxe8 26. f3 Bxc3 27. bxc3
Bxd5 28. Qd3 Kg7 29. Bd2 Qe6 30. c4 Bxc4 31. Qc3+ Ne5 32. Bf4 Kg6 33. Bxe5 dxe5
34. g4 fxg4 35. Bxg4 Qd5 36. h4 Qd4 37. Qc1 Qf4 38. Qd1 Qd4 39. Qc1 Qf4 40. Qd1
Qd4 1/2-1/2